000 01787nam a22003497a 4500
003 NALT
005 20250123073600.0
008 m251625 th ththa d
040 _aNALT
041 _atha
090 _aKA 204
_bส895ร2
100 0 _aเสถียร วิชัยลักษณ์
_945581
245 1 0 _aรวมกฎหมายไทย เล่ม 1 [ร2] /
_cเสถียร วิชัยลักษณ์.
260 _aกรุงเทพฯ :
_bนีติเวชช์,
_c2516-2529.
300 _a1 เล่ม :
_bตาราง ;
_c26 ซม.
650 4 _aรัฐธรรมนูญ
_zไทย
_92027
650 4 _aวิธีพิจารณาความอาญา
_91089
650 4 _aกฎหมาย
_zไทย
_94701
650 4 _aวิธีพิจารณาความแพ่ง
_9756
650 0 _aกฎหมายอาญา
_949366
650 4 _aกฎหมายแพ่งและพาณิชย์ บรรพ 1
_929104
650 4 _aกฎหมายแพ่งและพาณิชย์ บรรพ 2
_918769
650 4 _aกฎหมายแพ่งและพาณิชย์ บรรพ 3
_945129
650 4 _aกฎหมายแพ่งและพาณิชย์ บรรพ 4
_945130
650 4 _aกฎหมายแพ่งและพาณิชย์ บรรพ 5
_945131
650 4 _aกระบวนการยุติธรรมทางอาญา
_94283
650 4 _aการกักขังผู้กระทำผิด
_953853
650 4 _aรัฐธรรมนูญ
_zไทย
_y2528
_964673
850 _aNALT
942 _cREF
_2local
999 _c16472
_d16472
998 _j
_kCRON CRON